01153nab a22001937a 4500003000400000005001700004008004100021040000700062100002300069245014800092260007300240300001500313500004300328505032200371505009000693650002900783650001500812773013200827OSt20251023130118.0190603e xxum|||| |||| 00| 0 spa d cPJ aWayar, Federico C.13aLa conexión entre el art. 1011 del Cód. Civ. y Com. (contrato de larga duración) y el modelo relacional de contrato /cFederico C. Wayar. cCiudad Autónoma de Buenos Aires :aThomson Reuters La Ley, b2025. ap. 217-225 aCita Online: TR LALEY AR/DOC/41/2025.  aSumario: I. Una necesaria categorización.— II. El tiempo en la teoría clásica del contrato.— III. Distinción entre el contrato de duración de la teoría clásica contractual y los contratos de larga duración de la teoría relacional.— IV. La teoría relacional del contrato.— V. Conclusión.  t¿Te interesa el texto completo? Solicitalo al correo: koha@justierradelfuego.gov.ar  0aCODIGO CIVIL Y COMERCIAL 0aCONTRATOS 0 02713dCiudad Autónoma de Buenos Aires : Thomson Reuters La Ley, 2015-tRevista Código Civil y Comercial. Nº 2 - Abril 2025